Statistics for Brighton & Hove Albion Squad 2023-2024

Click here to take the quiz!

General Stats

  • This quiz has been taken 211 times
    (70 since last reset)
  • The average score is 23 of 29

Answer Stats

#PositionNationPlayer% Correct
22FWJapanKaoru Mitoma
98%
5DFEnglandLewis Dunk
98%
13MFGermanyPascal Groß
96%
30DFEcuadorPervis Estupiñán
96%
28FWIrelandEvan Ferguson
94%
-CoachItalyRoberto De Zerbi
94%
9FWBrazilJoão Pedro
91%
2DFGhanaTariq Lamptey
91%
23GKEnglandJason Steele
87%
10FWParaguayJulio Enciso
87%
1GKNetherlandsBart Verbruggen
85%
8MFGermanyMahmoud Dahoud
85%
18FWEnglandDanny Welbeck
83%
34DFNetherlandsJoël Veltman
83%
14MFEnglandAdam Lallana
81%
3DFBrazilIgor
81%
15MFPolandJakub Moder
81%
24FWIvory CoastSimon Adingra
81%
7FWEnglandSolly March
81%
31FWSpainAnsu Fati
79%
4DFEnglandAdam Webster
77%
11MFScotlandBilly Gilmour
77%
40MFArgentinaFacundo Buonanotte
77%
29DFNetherlandsJan Paul van Hecke
77%
6MFEnglandJames Milner
72%
20MFCameroonCarlos Baleba
66%
12DFArgentinaValentín Barco
58%
19FWSwitzerlandAndi Zeqiri
40%
38GKCanadaTom McGill
26%

Score Distribution

Percentile by Number Answered

Percent of People with Each Score

Your Score History

You have not taken this quiz since the last reset